| 000 | 00398nam a2200169Ia 4500 | ||
|---|---|---|---|
| 008 | 180207s9999 xx 000 0 und d | ||
| 020 | _a7773135010 | ||
| 050 | _bH526 1991 | ||
| 100 | _aHenson, Jim. | ||
| 245 | _aMuppet stories / | ||
| 245 | _cJim Henson. | ||
| 260 | _aNew York : | ||
| 260 | _bFunk & Wagnalls, | ||
| 260 | _c1991 | ||
| 300 | _a37 pages : | ||
| 300 | _bcolor illustration ; | ||
| 999 |
_c355078 _d355078 |
||